00639nam a2200229 a 4500001001300000003000900013005001700022008004100039020000900080082001600089100002000105245002500125260002500150300000800175500003500183505002800218650001800246902000800264942000700272952011500279999001500394nice12345678IN_TiNIC20260116012317.0050524s1984 dela grp 000 0 eng  ac3000a270.82bTUR aTurnipseed, R L aEcumenical Encounter aDelhi bISPCK c1984 a97p aincludes index and biblioraphy2 aRef, Bibliography, Err. aEcumenicalism bSRS cBK 001040708StackRoom-aHMIbHMId2007-07-18g30.00l0o270.82 TURp011285r2007-07-18v30.00w2005-05-24yBK c6498d6498